Trabajo forzado en la Rusia soviética / (Record no. 51584)

MARC details
000 -LEADER
campo de control de longitud fija 00567nam a2200169 i 4500
001 - NÚMERO DE CONTROL
campo de control 51584
003 - IDENTIFICADOR DE NÚMERO DE CONTROL
campo de control ES-MaACL
007 - CAMPO FIJO DE DESCRIPCIÓN FÍSICA--INFORMACIÓN GENERAL
campo de control de longitud fija t|
008 - DATOS DE LONGITUD FIJA--INFORMACIÓN GENERAL
campo de control de longitud fija 030813s1950 ag ||||1| spa d
100 1# - ENTRADA PRINCIPAL--NOMBRE DE PERSONA
Nombre de persona Dallin, David J.
9 (RLIN) 42494
245 10 - MENCIÓN DEL TÍTULO
Título Trabajo forzado en la Rusia soviética /
Mención de responsabilidad, etc. David J. Dallin y Boris I. Nicolaevsky ; [traducción de Carlos Juan vega].
260 ## - PUBLICACIÓN, DISTRIBUCIÓN, ETC.
Lugar de publicación, distribución, etc. Buenos Aires :
Nombre del editor, distribuidor, etc. Difusión,
Fecha de publicación, distribución, etc. [1950] (
Fabricante Goyena)
300 ## - DESCRIPCIÓN FÍSICA
Extensión 366 p. ;
Dimensiones 22 cm.
700 1# - ENTRADA AGREGADA--NOMBRE PERSONAL
Nombre de persona Nicolaevsky, Boris I.
9 (RLIN) 85554
700 1# - ENTRADA AGREGADA--NOMBRE PERSONAL
Nombre de persona Vega, Carlos Juan.
9 (RLIN) 113539
852 ## - LOCALIZACIÓN
Ubicación ES-MaACL
Número de control de estantería L-5887
Sublocalización o colección R.106531
Holdings
Estatus retirado Estado de pérdida Estado de daño No para préstamo Biblioteca de origen Biblioteca actual Ubicación en estantería Fecha de adquisición Fuente de adquisición Total de préstamos Signatura topográfica completa Código de barras Visto por última vez Precio de reemplazo Tipo de ítem Koha
        Biblioteca del Ateneo de Madrid Biblioteca del Ateneo de Madrid Depósito 2 17/01/2008     L-5887 1054249 23/02/2023 23/02/2023 Libro impreso